[Event "BCF-chT3 0102 (4NCL)"]
[Site "Birmingham"]
[Date "2001.09.23"]
[Round "2.8"]
[White "Goodwin, Lydia"]
[Black "Davis, Lee"]
[Result "1/2-1/2"]
[WhiteElo "1792"]
[BlackElo "2060"]
[PlyCount "87"]
[EventDate "2001.09.??"]
[EventType "team"]
[EventRounds "11"]
[EventCountry "ENG"]
[SourceTitle "EXT 2003"]
[Source "ChessBase"]
[SourceDate "2002.11.25"]
[SourceVersion "1"]
[SourceVersionDate "2002.11.25"]
[SourceQuality "1"]
[WhiteTeam "Poisoned Pawns II"]
[BlackTeam "Nidum Knights"]
[WhiteTeamCountry "ENG"]
[BlackTeamCountry "ENG"]

1. e4 d6 2. Nf3 Nf6 3. Nc3 g6 4. d3 Bg7 5. g3 0-0 6. Bg2 c5 7. 0-0 Nc6 8. h3 a6 9. a4 Rb8 10. Nh2 b5 11. axb5 axb5 12. f4 Nd4 13. g4 Bb7 14. Ne2 Nd7 15. c3 Nc6 16. g5 Ra8 17. Rxa8 Qxa8 18. d4 cxd4 19. cxd4 Na5 20. Qd3 b4 21. Rf2 Ba6 22. Qd1 Qa7 23. Nf3 Rc8 24. f5 Bxe2 25. Rxe2 Ne5 26. Be3 Nxf3+ 27. Bxf3 b3 28. h4 Rc4 29. e5 gxf5 30. Bd5 f4 31. Bxc4 Nxc4 32. Bf2 Qb7 33. e6 fxe6 34. Qd3 Qc8 35. Qxb3 Ne3 36. Bxe3 fxe3 37. Qxe3 e5 38. d5 Qg4+ 39. Rg2 Qd1+ 40. Kh2 Qxd5 41. g6 e4 42. gxh7+ Kh8 43. Qe2 Qf5 44. Rf2 1/2-1/2

[Event "Smith & Williamson YM-B 11th"]
[Site "Witley"]
[Date "2001.07.17"]
[Round "4"]
[White "Antal, Agnes"]
[Black "Goodwin, Lydia"]
[Result "1/2-1/2"]
[WhiteElo "2043"]
[BlackElo "1768"]
[PlyCount "55"]
[EventDate "2001.07.13"]
[EventType "swiss"]
[EventRounds "11"]
[EventCountry "ENG"]
[SourceTitle "EXT 2005"]
[Source "ChessBase"]
[SourceDate "2004.11.15"]
[SourceVersion "1"]
[SourceVersionDate "2004.11.15"]
[SourceQuality "1"]

1. e4 c5 2. Nc3 Nc6 3. g3 g6 4. Bg2 Bg7 5. d3 Nf6 6. f4 d6 7. Nf3 0-0 8. 0-0 Rb8 9. a4 a6 10. h3 Qc7 11. Be3 e6 12. Kh2 Nd7 13. d4 cxd4 14. Nxd4 Nxd4 15. Bxd4 Bxd4 16. Qxd4 Rd8 17. f5 Qc5 18. Qd2 b5 19. axb5 axb5 20. Rad1 b4 21. Ne2 Ba6 22. Rf4 Ne5 23. b3 Bxe2 24. Qxe2 Rbc8 25. Rd2 Qc3 26. Rf2 Nc6 27. Qd1 Qe5 28. fxe6 1/2-1/2

[Event "Smith & Williamson YM-B 11th"]
[Site "Witley"]
[Date "2001.07.17"]
[Round "3"]
[White "Goodwin, Lydia"]
[Black "Kelly, Alexandra"]
[Result "1-0"]
[WhiteElo "1768"]
[BlackElo "1672"]
[PlyCount "69"]
[EventDate "2001.07.13"]
[EventType "swiss"]
[EventRounds "11"]
[EventCountry "ENG"]
[SourceTitle "EXT 2005"]
[Source "ChessBase"]
[SourceDate "2004.11.15"]
[SourceVersion "1"]
[SourceVersionDate "2004.11.15"]
[SourceQuality "1"]

1. e4 c5 2. Nf3 Nc6 3. d4 cxd4 4. Nxd4 e6 5. Be3 Nge7 6. Be2 Nxd4 7. Bxd4 Nc6 8. Bc3 Qg5 9. 0-0 Bc5 10. Kh1 0-0 11. f4 Qe7 12. Qd3 b6 13. Rf3 Bb7 14. Rh3 f6 15. Qg3 Rac8 16. f5 e5 17. Bc4+ Rf7 18. Qh4 h6 19. Bxf7+ Qxf7 20. Qg4 Kh7 21. Bd2 Nd4 22. Qh4 Bf8 23. Nc3 Nxc2 24. Rc1 Nd4 25. Be3 Nb5 26. Nxb5 Rxc1+ 27. Bxc1 Qc4 28. Qe1 Qxb5 29. Rh4 Bb4 30. Qd1 Qc4 31. Bxh6 gxh6 32. Qxd7+ Kg8 33. Qe8+ Kg7 34. Rg4+ Kh7 35. Qg6+ 1-0

[Event "Smith & Williamson YM-B 11th"]
[Site "Witley"]
[Date "2001.07.16"]
[Round "2"]
[White "Kahar, Krunal"]
[Black "Goodwin, Lydia"]
[Result "1-0"]
[WhiteElo "2172"]
[BlackElo "1768"]
[PlyCount "57"]
[EventDate "2001.07.13"]
[EventType "swiss"]
[EventRounds "11"]
[EventCountry "ENG"]
[SourceTitle "EXT 2005"]
[Source "ChessBase"]
[SourceDate "2004.11.15"]
[SourceVersion "1"]
[SourceVersionDate "2004.11.15"]
[SourceQuality "1"]

1. d4 Nf6 2. Bg5 Ne4 3. Be3 g6 4. f3 Nf6 5. Nd2 Bg7 6. Bf2 d6 7. e4 e5 8. c3 Nc6 9. Bb5 0-0 10. Ne2 Bd7 11. 0-0 a6 12. Bc4 Kh8 13. dxe5 dxe5 14. Nb3 b6 15. a4 Ne7 16. a5 b5 17. Bd3 Nh5 18. Nc5 f5 19. Qb3 Qc8 20. Rad1 Nf4 21. Nxf4 exf4 22. Bb1 Be8 23. Qa3 Bf7 24. Ba2 Bxa2 25. Qxa2 fxe4 26. Nxe4 Nf5 27. Rfe1 Rd8 28. Ng5 Nd6 29. Rxd6 1-0

[Event "BCF-chT3a 0001 (4NCL)"]
[Site "Birmingham"]
[Date "2000.11.26"]
[Round "4.8"]
[White "Rogers, Catherine"]
[Black "Goodwin, Lydia"]
[Result "1/2-1/2"]
[WhiteElo "2005"]
[BlackElo "1768"]
[PlyCount "45"]
[EventDate "2000.11.26"]
[EventType "team-tourn"]
[EventRounds "7"]
[EventCountry "ENG"]
[SourceTitle "EXT 2002"]
[Source "ChessBase"]
[SourceDate "2001.11.25"]
[SourceVersion "1"]
[SourceVersionDate "2001.11.25"]
[SourceQuality "1"]
[WhiteTeam "Beeson Gregory III"]
[BlackTeam "Guildford III"]
[WhiteTeamCountry "ENG"]
[BlackTeamCountry "ENG"]

1. e4 c5 2. c4 Nc6 3. Nc3 e6 4. g3 Nf6 5. Bg2 Be7 6. Nge2 0-0 7. 0-0 a6 8. d3 d6 9. h3 Rb8 10. a4 b6 11. f4 Bb7 12. g4 Nd4 13. Nxd4 cxd4 14. Ne2 e5 15. Ng3 Bc6 16. g5 Nd7 17. Nf5 exf4 18. Bxf4 Ne5 19. Nxd4 Bd7 20. h4 b5 21. axb5 axb5 22. Nxb5 Bxb5 23. cxb5 1/2-1/2

[Event "BCF-chT2 9899 (4NCL)"]
[Site "England"]
[Date "1998.11.22"]
[Round "4.8"]
[White "Goodwin, Lydia"]
[Black "Ashby, Ann Marie"]
[Result "1/2-1/2"]
[WhiteElo "1616"]
[BlackElo "2090"]
[PlyCount "55"]
[EventDate "1998.10.??"]
[EventType "team"]
[EventRounds "11"]
[EventCountry "ENG"]
[SourceTitle "EXT 2000"]
[Source "ChessBase"]
[SourceDate "1999.11.16"]
[SourceVersion "1"]
[SourceVersionDate "1999.11.16"]
[SourceQuality "1"]
[WhiteTeam "Slough II"]
[BlackTeam "Guildford"]
[WhiteTeamCountry "ENG"]
[BlackTeamCountry "ENG"]

1. e4 e6 2. d4 d5 3. Nc3 Nf6 4. e5 Nfd7 5. Qh5 c5 6. Nf3 Be7 7. Bg5 a6 8. Bd3 Nc6 9. h4 cxd4 10. Ne2 Ndxe5 11. Nxe5 Nxe5 12. Bxh7 Qa5+ 13. Bd2 Qc7 14. Bf4 Bd6 15. Nxd4 Ng6 16. Bxd6 Qxd6 17. g3 Qb4+ 18. c3 Qxb2 19. 0-0 Nf8 20. Rfe1 Rxh7 21. Qe5 Nd7 22. Qc7 Qb6 23. Qf4 Nf6 24. Nf5 Ne4 25. Rxe4 dxe4 26. Nd6+ Kd7 27. Rd1 Kc6 28. Nxc8 1/2-1/2

[Event "BCF-chT2 9899 (4NCL)"]
[Site "England"]
[Date "1998.11.21"]
[Round "3.8"]
[White "Forbes, Cathy"]
[Black "Goodwin, Lydia"]
[Result "1/2-1/2"]
[WhiteElo "2110"]
[BlackElo "1616"]
[PlyCount "61"]
[EventDate "1998.10.??"]
[EventType "team"]
[EventRounds "11"]
[EventCountry "ENG"]
[SourceTitle "EXT 2000"]
[Source "ChessBase"]
[SourceDate "1999.11.16"]
[SourceVersion "1"]
[SourceVersionDate "1999.11.16"]
[SourceQuality "1"]
[WhiteTeam "White Rose"]
[BlackTeam "Slough II"]
[WhiteTeamCountry "ENG"]
[BlackTeamCountry "ENG"]

1. d4 Nf6 2. Nf3 d5 3. Bf4 c6 4. c3 Bg4 5. Nbd2 Nbd7 6. e3 g6 7. h3 Bxf3 8. Qxf3 Nh5 9. Bh2 Bg7 10. g4 Nhf6 11. Be2 0-0 12. h4 Ne8 13. h5 e5 14. Qh3 g5 15. 0-0-0 Qe7 16. dxe5 Nxe5 17. f4 gxf4 18. exf4 Nd7 19. Bd3 d4 20. cxd4 Qb4 21. Nf3 Nc5 22. Ne5 Na4 23. Qg2 Nd6 24. Qc2 Bxe5 25. fxe5 Nb5 26. Bxb5 cxb5 27. Qd2 Rac8+ 28. Kb1 Nc3+ 29. Ka1 Nxd1 30. Qg5+ Kh8 31. Qf6+ 1/2-1/2